00441nam a2200145Ia 4500008004100000040001900041041001200060082003900072100002100111245005800132260002400190300002100214504005000235850001000285131103s9999 xx 000 0 und d aLoreto College aEnglish a823.5/DEFb- FIT/823.51/FIT LCLIB/ aFitzgerald,Brian aDaniel Defoeb a study in conflict cBrian Fitzgerald aLondonbSekerc1954 a248 p. c 22 cm. aIncludes bibliographical references and index aLCLIB